000 00809nam a2200229 u 4500
001 000020383
005 20240530073919.0
008 100813s2015 dr 000 f spa d
020 _a9789945589771
040 _aDO-SdBNP
_bspa
_cBNPHU
082 _aRD863.44
_bG934c
100 1 _aGuerrero Ramírez, Rafael,
_d1962-
_92867
245 1 0 _aCabalgata sobre el río :
_bnovela /
_cRafael Guerrero Ramírez ; prólogo Mercedes Campusano.
260 _aSanto Domingo :
_bSantuario,
_c2015.
300 _a121 p. ;
_c22 cm.
500 _aIncluye datos biográficos del autor en la solapa de la cubierta
590 _aInventariado, 2020/BT
650 0 _aNovela dominicana
_9223
650 0 _aLiteratura dominicana.
_967
700 1 _aCampusano, Mercedes,
_epról.
_943048
910 _aValidado. Control de calidad MFF
999 _c19887
_d19887